logo

Bir Sreshtho Munshi Abdur Rouf Library
Jhenaidah Cadet College

Larousse encyclopedia of modern history : (Record no. 9829)

MARC details
000 -LEADER
fixed length control field 01133nam a22003132a 4500
001 - CONTROL NUMBER
JCCL Control Number 9829
003 - CONTROL NUMBER IDENTIFIER
JCCL marc code BD-JhCC
005 - DATE AND TIME OF LATEST TRANSACTION
control field 20180402082631.0
008 - FIXED-LENGTH DATA ELEMENTS--GENERAL INFORMATION
fixed length control field 180401s1981 enkabc 001 0 eng d
020 ## - INTERNATIONAL STANDARD BOOK NUMBER
International Standard Book Number 0600023761 (pbk)
035 ## - SYSTEM CONTROL NUMBER
system control number OCLC ocm16547128 from D960402M
-- (BD-JhCC)9829
040 ## - CATALOGING SOURCE
Original cataloging agency UKM
Transcribing agency UKM
Modifying agency EQO
-- BD-JhCC
041 1# - LANGUAGE CODE
Language code of Book eng
Language code of original and/or intermediate translations of text fre
050 #0 - LIBRARY OF CONGRESS CALL NUMBER
Classification number D208
082 ## - DEWEY DECIMAL CLASSIFICATION NUMBER
Classification number 909.08
DDC Edition number 19
Author mark and Year LAR 1981
245 10 - TITLE STATEMENT
Title Larousse encyclopedia of modern history :
Remainder of title from 1500 to the present day /
Statement of responsibility, etc general editor Marcel Dunan ; English advisory editors John Roberts, Bernard Wasserstein ; [translated by Delano Ames] /
-- foreword by Hugh Trevor-Roper
250 ## - EDITION STATEMENT
Edition statement New rev. ed
260 ## - PUBLICATION, DISTRIBUTION, ETC. (IMPRINT)
Place of publication, distribution, etc London :
Name of publisher, distributor, etc Hamlyn,
Date of publication, distribution, etc 1981.
300 ## - PHYSICAL DESCRIPTION
Pagination 437 p., [28] p. of plates :
Other physical details ill. (some col.), maps, ports. (some col.) ;
Dimensions 29 cm
500 ## - GENERAL NOTE
General note Previous ed.: 1972
500 ## - GENERAL NOTE
General note Includes index
500 ## - GENERAL NOTE
General note Translation of: Histoire universelle Larousse
650 #0 - SUBJECT ADDED ENTRY--TOPICAL TERM
Topical term or geographic name as entry element History, Modern
700 1# - ADDED ENTRY--PERSONAL NAME
Personal name Dunan, Marcel.
700 1# - ADDED ENTRY--PERSONAL NAME
Personal name Roberts, J. M.
Fuller form of name (John Morris),
Dates associated with a name 1928-2003.
700 1# - ADDED ENTRY--PERSONAL NAME
Personal name Wasserstein, Bernard.
942 ## - ADDED ENTRY ELEMENTS (KOHA)
Source of classification or shelving scheme Dewey Decimal Classification
Koha item type Reference
Holdings
Source of classification or shelving scheme Damaged status Not for loan Home library Current library Shelving location Date of accession Total Checkouts Full call number Barcode Date last seen Copy number Koha item type
Dewey Decimal Classification     JCC Rouf Library JCC Rouf Library General Stacks 04/01/2018   909.08 LAR 1981 13273 04/01/2018 C-1 Reference

JCC Library | Contacts | JCC Home

Last Update on 23 September 2017
Copyright @ 2017-2020 JCC Rouf Library
Rouf Library, Jhenidah Cadet College (JCC), Bangladesh